Statistics for 10 biggest countries in Asia

Click here to take the quiz!

General Stats

  • This quiz has been taken 21 times
  • The average score is 10 of 10

Answer Stats

NumberSize in km2Countries% Correct
29,388,210 km2China
100%
32,973,190 km2India
100%
71,628,760 km2Iran
100%
42,699,700 km2Kazakhstan
100%
116,376,870 km2Russia
100%
52,149,690 km2Saudi Arabia
100%
81,557,250 km2Mongolia
90%
9770,880 km2Pakistan
90%
10769,630 km2Turkey
90%
61,877,519 km2Indonesia
85%

Score Distribution

Percentile by Number Answered

Percent of People with Each Score

Your Score History

You have not taken this quiz